000 00850nam a2200265 a 4500
001 32365
003 BD-RjUL
005 20211209051826.0
008 140426s1992 ir aj b 000 0ceng
035 _a(BD-RjUL)32454
040 _aDLC
_cDLC
_beng
_dBD-RjUL
041 _aeng
082 0 4 _a297.09
_bBRI 1992
245 0 2 _aA Brief history of the fourteen infallibles /
_cWorld Organization for Islamic Services.
250 _a2nd ed.
260 _aTehran, Iran :
_bWorld Organization for Islamic Services,
_c1992.
300 _axxxii, 180 p. :
_bill. ;
_c25 cm.
504 _aIncludes bibliographical references.
650 0 _aImams (Shiites)
_xBiography.
_998468
650 0 _aShīʻah
_xBiography.
_998469
710 2 _aWorld Organization for Islamic Services.
_998470
942 _2ddc
_cBK
999 _c32365
_d32365